000 00320nam a22001337a 4500
008 170622b xxu||||| |||| 00| 0 eng d
020 _a0865317747
041 _aeng
080 _a327
100 _a21
101 _aSHP
245 _aTHE THIRD WORLD COALITION IN INTERNATIONAL POLITICS
_cMORTIMER,R.A
942 _2udc
_cBK
999 _c18720
_d18720